000 00333nam a2200133 a 4500
005 20140414131926.0
008 101027s19uu xx 00 eng d
050 _aFIL
_bP27 2008
100 _aPatindol, Jean Lee
245 _aPapa's house, Mama's house.
260 _bAdarna,
_c2008.
_aManila :
999 _c112015
_d112015